| 000 | 00537nam a2200193 a 4500 | ||
|---|---|---|---|
| 001 | 16092 | ||
| 003 | CO-ViMGA | ||
| 008 | 141112s2004 ck r 000 u spa d | ||
| 020 | _a9584204009 | ||
| 040 |
_aCO-ViMGA _bspa _cCO-ViMGA |
||
| 082 | _aI863.6 L691 | ||
| 100 | 1 |
_aLozano, Pilar _93211 |
|
| 245 | 1 | 0 | _aLos que abrieron caminos en el cielo |
| 260 |
_aBogotá : _bPlaneta, _c2003 |
||
| 300 | _a132.p.il | ||
| 590 | _aForma de adquisición : Premio - Mincultura | ||
| 650 | 1 | 4 |
_aCUENTOS INFANTILES COLOMBIANOS _92369 |
| 942 |
_2ddc _cBK |
||
| 999 |
_c10843 _d10843 |
||